000 01017nam a2200253#a 4500
001 02499
003 HDC
007 ta
008 230623s2016 xx 000 0 eng d
040 _aHDC
050 _aHC445.5
_b.K46 2016
110 _aMalaysia.
_b Kementerian Perdagangan Antarabangsa dan Industri Malaysia,
_e issuing body"
245 0 _a TPPA PERJANJIAN PERKONGSIAN TRANS-PASIFIK :
_bJAWAPAN KEPADA KEBIMBANGAN, SALAH FAHAM DAN TUDUHAN /
_cKementerian Perdagangan Antarabangsa dan Industri Malaysia, edited by Syed Azidi Syed Abdul Aziz
264 _aKuala Lumpur :
_bKementerian Perdagangan Antarabangsa dan Industri Malaysia (MITI),
_c2016
300 _a84 pages. :
_b color illustrations ;
_c 20 cm
650 _aEconomic conditions
_zMalaysia
650 _aSocial conditions
_zMalaysia
700 _aSyed Azidi Syed Abdul Aziz
_eeditor
710 _aMalaysia.
_b Kementerian Perdagangan Antarabangsa dan Industri Malaysia
942 _2lcc
942 _cBK
942 _kHC445.5
942 _m.K46 2016
999 _c24057
_d24057